[Event "ch-Africa 2025"]
[Site "Kerdasa EGY"]
[Date "2025.05.15"]
[Round "5.16"]
[White "Oluka Robert Mcligeyo"]
[Black "Idrissi, Chafik"]
[Result "1/2-1/2"]
[WhiteTitle "CM"]
[BlackTitle "CM"]
[WhiteElo "2047"]
[BlackElo "2107"]
[WhiteFideId "10814647"]
[BlackFideId "9000259"]
[EventDate "2025.05.13"]

1. e4 c5 2. Nf3 Nc6 3. Bb5 g6 4. O-O Bg7 5. c3 Nf6 6. e5 Nd5 7. d4 cxd4 8. cxd4
O-O 9. Nc3 Nc7 10. Be2 d6 11. Bf4 Bg4 12. exd6 exd6 13. d5 Bxf3 14. Bxf3 Ne5 15.
Bxe5 Bxe5 16. Qb3 Rb8 17. Rac1 Na6 18. Ne4 f5 19. Nd2 Bf4 20. Rcd1 Bxd2 21. Rxd2
Nc5 22. Qe3 Re8 23. Qd4 a5 24. Rdd1 Qe7 25. Qc3 b6 26. Rfe1 Qg7 27. Qd2 Re5 28.
Rxe5 Qxe5 29. Re1 Qf6 30. Qe2 Rc8 31. Qb5 Qd8 32. h4 Nd7 33. Bd1 Ne5 34. h5 Kg7
35. hxg6 hxg6 36. f4 Nf7 37. Qd3 Qf6 38. Qd2 Rc4 39. Bf3 Qh4 40. Rc1 Qxf4 41.
Qxf4 Rxf4 42. a3 Ne5 43. Rc7+ Kf6 44. Be2 Rd4 45. Kf1 Rd2 46. b4 axb4 47. axb4
f4 48. Rb7 g5 49. Rxb6 Rxd5 50. Rb8 g4 51. b5 Kf5 52. b6 f3 53. gxf3 gxf3 54.
Bxf3 1/2-1/2

[Event "ch-Africa 2025"]
[Site "Kerdasa EGY"]
[Date "2025.05.15"]
[Round "5.18"]
[White "Elhusseiny, Eyad"]
[Black "Ebosse Kingue Victor Patrick"]
[Result "1-0"]
[WhiteTitle "CM"]
[BlackTitle "FM"]
[WhiteElo "2075"]
[BlackElo "2002"]
[WhiteFideId "10681523"]
[BlackFideId "16400291"]
[EventDate "2025.05.13"]

1. Nf3 Nf6 2. c4 g6 3. Nc3 Bg7 4. g3 c5 5. Bg2 Nc6 6. d4 cxd4 7. Nxd4 O-O 8. Nc2
d6 9. O-O a6 10. b3 Bg4 11. h3 Be6 12. Bb2 Rc8 13. Nd5 Bxd5 14. cxd5 Ne5 15. f4
Ned7 16. e4 Nc5 17. Re1 a5 18. Rb1 Nh5 19. Bxg7 Kxg7 20. Kh2 e5 21. dxe6 Nxe6
22. Ne3 Rc3 23. Qd2 Qc7 24. Qb2 Nf6 25. Nd5 Nxd5 26. exd5 Nd4 27. Re4 Qc5 28.
Rd1 Nb5 29. a4 Qa3 30. Qd2 Rxb3 31. axb5 Qc5 32. Qxa5 Rxb5 33. Qa1+ Kh6 34. Qf6
Ra8 35. f5 Rb4 36. Qh4+ 1-0

[Event "ch-Africa 2025"]
[Site "Kerdasa EGY"]
[Date "2025.05.15"]
[Round "5.19"]
[White "Hossam Mohamed, Adham"]
[Black "El Ghazali, Youssef M."]
[Result "1-0"]
[WhiteTitle "CM"]
[BlackTitle "IM"]
[WhiteElo "2014"]
[BlackElo "2149"]
[WhiteFideId "10669671"]
[BlackFideId "10600167"]
[EventDate "2025.05.13"]

1. e4 c5 2. Nf3 Nc6 3. d4 cxd4 4. Nxd4 Qc7 5. Nc3 e6 6. a3 a6 7. Be3 Nf6 8. Qf3
d6 9. Qg3 Bd7 10. f4 b5 11. Bd3 g6 12. O-O Bg7 13. Rad1 O-O 14. Nb3 Rac8 15. Be2
d5 16. e5 Ne8 17. Bc5 Na5 18. Bxf8 Bxf8 19. Nxa5 Qxa5 20. Rf3 Bc6 21. Qh4 d4 22.
Rh3 h6 23. Nb1 Be4 24. Bd3 Bxd3 25. Rhxd3 Rxc2 26. b4 Qb6 27. Rxd4 Nc7 28. Qe1
Nd5 29. Qe4 Qc6 30. Nd2 Rc3 31. Rd3 Qb6+ 32. Kh1 a5 33. Rf1 axb4 34. axb4 Rxd3
35. Qxd3 Nxb4 36. Qe2 Nd5 37. h4 h5 38. Ne4 Qd8 39. Ng5 b4 40. f5 Nc3 41. Qc4
gxf5 42. Rxf5 Qd5 43. Qxd5 Nxd5 44. Rf3 Be7 45. Nxf7 Bxh4 46. Nd6 Be1 47. Ne4
Bc3 48. Nc5 Bxe5 49. Nxe6 Bc3 50. Nc5 Kg7 51. Rf5 Nf6 52. Nd3 Ne4 53. Rb5 Kg6
54. Nxb4 Bxb4 55. Rxb4 Kf5 56. Kh2 Nf6 57. Kg3 Kg5 58. Rb5+ Kg6 1-0

[Event "ch-Africa 2025"]
[Site "Kerdasa EGY"]
[Date "2025.05.15"]
[Round "5.20"]
[White "Musonda Chola"]
[Black "Abdin, Mahmoud"]
[Result "1-0"]
[WhiteTitle "FM"]
[WhiteElo "2127"]
[BlackElo "1993"]
[WhiteFideId "8706050"]
[BlackFideId "10653376"]
[EventDate "2025.05.13"]

1. e4 c5 2. Nf3 Nc6 3. Bb5 g6 4. O-O Bg7 5. c3 e5 6. a4 Nge7 7. d3 O-O 8. Na3 h6
9. Be3 d6 10. d4 cxd4 11. cxd4 Bg4 12. d5 Nb8 13. Be2 f5 14. h3 Bh5 15. g4 fxg4
16. Nd2 g5 17. hxg4 Be8 18. Qb3 b6 19. Ndc4 Ng6 20. Nb5 Bxb5 21. axb5 Nf4 22.
Bd1 Nd7 23. Nxd6 Nf6 24. Nf5 Nxe4 25. d6+ Kh8 26. Bf3 Nf6 27. Bxf4 e4 28. Be5
exf3 29. Qxf3 Ne8 30. Qc3 Bxe5 31. Qxe5+ Qf6 32. Qh2 Rf7 33. Rad1 Rd8 34. Rfe1
Rfd7 35. Rd3 Rh7 36. Rde3 Qg6 37. Re6 Nf6 38. Qe5 Rf7 39. Kg2 Rdf8 40. Rh1 Rh7
41. d7 Rxd7 42. Rxh6+ Qxh6 43. Nxh6 Kg7 44. Qxg5+ 1-0

[Event "ch-Africa 2025"]
[Site "Kerdasa EGY"]
[Date "2025.05.15"]
[Round "5.21"]
[White "Naser Eldean, Ahmed"]
[Black "Jele, Tapiwa"]
[Result "0-1"]
[WhiteTitle "CM"]
[WhiteElo "2006"]
[BlackElo "2105"]
[WhiteFideId "9205365"]
[BlackFideId "11002344"]
[EventDate "2025.05.13"]

1. e4 c5 2. Nf3 a6 3. g3 d6 4. Bg2 g6 5. O-O Bg7 6. c3 Nf6 7. Re1 O-O 8. d4 cxd4
9. Nxd4 Qc7 10. Na3 Nbd7 11. Nac2 Nc5 12. Nb4 e5 13. Ndc2 a5 14. Nd3 Bg4 15. Bf3
Bxf3 16. Qxf3 Ne6 17. Qe2 h5 18. h4 Rfe8 19. Bd2 Rac8 20. b4 b6 21. Rab1 Rb8 22.
f3 d5 23. Rec1 dxe4 24. fxe4 Qc4 25. Re1 Qxa2 26. Rb2 Qc4 27. Nxe5 Qc7 28. Nf3
Qxg3+ 29. Qg2 Qc7 30. Nfd4 Ng4 31. Reb1 Nf4 32. Qf3 Nd3 0-1

[Event "ch-Africa 2025"]
[Site "Kerdasa EGY"]
[Date "2025.05.15"]
[Round "5.22"]
[White "Elnasri, Mohammed"]
[Black "Ndjolock Simon"]
[Result "1-0"]
[WhiteTitle "CM"]
[WhiteElo "1943"]
[BlackElo "1928"]
[WhiteFideId "12200883"]
[BlackFideId "16402480"]
[EventDate "2025.05.13"]

1. e4 c6 2. c4 d5 3. exd5 cxd5 4. d4 e6 5. Nf3 Nf6 6. Nc3 h6 7. c5 Nc6 8. Bb5
Bd7 9. O-O Qc7 10. a3 Be7 11. b4 g5 12. Re1 O-O-O 13. Bxc6 Bxc6 14. Ne5 Rdf8 15.
b5 Be8 16. a4 Nd7 17. a5 Nxe5 18. b6 Qb8 19. bxa7 Qxa7 20. Rxe5 Bc6 21. a6 bxa6
22. Re2 Bd8 23. Na4 g4 24. Bf4 Bb5 25. Rb2 Bc7 26. Qd2 Qb8 27. Nb6+ Kd8 28.
Bxc7+ Qxc7 29. Qe3 Qc6 30. Qf4 f5 31. Rxb5 axb5 32. Ra7 e5 33. Qxe5 Qxb6 34.
cxb6 1-0

[Event "ch-Africa 2025"]
[Site "Kerdasa EGY"]
[Date "2025.05.15"]
[Round "5.23"]
[White "Cogan, Nicolas"]
[Black "Zebaze Dongmo Loic Dylane"]
[Result "1/2-1/2"]
[WhiteTitle "CM"]
[BlackTitle "CM"]
[WhiteElo "2099"]
[BlackElo "1921"]
[WhiteFideId "679356"]
[BlackFideId "16401107"]
[EventDate "2025.05.13"]

1. d4 Nf6 2. c4 e6 3. Nc3 Bb4 4. e3 d5 5. cxd5 Nxd5 6. Bd2 O-O 7. Bd3 b6 8. e4
Nxc3 9. bxc3 Be7 10. Nf3 Bb7 11. O-O c5 12. Be3 Nd7 13. Qe2 Qc7 14. Rfd1 Rfd8
15. Rac1 Nf6 16. Bg5 h6 17. Bd2 Rac8 18. Bb1 Bc6 19. Re1 cxd4 20. cxd4 Qb7 21.
Bd3 Qa8 22. Ba6 Bb7 23. Bxb7 Qxb7 24. Qd3 Rxc1 25. Bxc1 Bb4 26. Re2 Rc8 27. Bb2
Qc7 28. a3 Be7 29. Ne1 Qd7 30. Qb3 Qb7 31. f3 Qa6 32. Nd3 Qc4 33. Qxc4 Rxc4 34.
Ne5 Rc7 35. Kf2 Kf8 36. Ke1 Bd6 37. f4 Bxe5 38. fxe5 Nd7 39. Kd2 b5 40. Bc3 Nb6
41. Kd3 Ke8 42. g4 Nc4 43. Ra2 Rd7 44. Ke2 a5 45. Ba1 b4 1/2-1/2

[Event "ch-Africa 2025"]
[Site "Kerdasa EGY"]
[Date "2025.05.17"]
[Round "6.1"]
[White "Bellahcene, Bilel"]
[Black "Amin, Bassem"]
[Result "0-1"]
[WhiteTitle "GM"]
[BlackTitle "GM"]
[WhiteElo "2504"]
[BlackElo "2649"]
[WhiteFideId "696358"]
[BlackFideId "10601457"]
[EventDate "2025.05.13"]

1. e4 e6 2. d4 d5 3. Nc3 Bb4 4. e5 c5 5. a3 Ba5 6. b4 cxd4 7. Nb5 Bc7 8. Nf3 Nc6
9. Bf4 Nge7 10. Bd3 Ng6 11. Bxg6 hxg6 12. O-O Bd7 13. Qd2 a6 14. Nxc7+ Qxc7 15.
a4 Rc8 16. Rfc1 Qb6 17. Rcb1 Ne7 18. a5 Qc7 19. Nxd4 Nf5 20. Rc1 Nxd4 21. Qxd4
Qc4 22. Be3 Rh4 23. Qxc4 Rhxc4 24. Bc5 f6 25. exf6 gxf6 26. c3 Kf7 27. f3 g5 28.
h3 e5 29. Kf2 Ke6 30. Ra2 Bb5 31. Rac2 f5 32. Re1 e4 33. fxe4 dxe4 34. h4 gxh4
35. Rh1 Rd8 36. Be3 Rh8 37. Rcc1 Rcc8 38. Rh3 Rh5 39. Bf4 Kd5 40. Rch1 Bd3 41.
Bd2 Rch8 42. Bf4 Kc4 43. Be5 Re8 44. Bd6 Re6 45. Bc5 f4 46. Rxh4 Rf5 47. Rh5 e3+
48. Ke1 Rxh5 49. Rxh5 Rg6 0-1

[Event "ch-Africa 2025"]
[Site "Kerdasa EGY"]
[Date "2025.05.17"]
[Round "6.2"]
[White "Ahmed, Ahmed Alaa"]
[Black "Simpson, Michael"]
[Result "1-0"]
[BlackTitle "FM"]
[WhiteElo "2223"]
[BlackElo "2108"]
[WhiteFideId "10624562"]
[BlackFideId "14338882"]
[EventDate "2025.05.13"]

1. d4 d5 2. Nf3 Nf6 3. c4 e6 4. g3 dxc4 5. Bg2 Nbd7 6. O-O c6 7. a4 b6 8. Nfd2
Ba6 9. Bxc6 Rc8 10. Bg2 Bb4 11. Nc3 Nb8 12. Nb5 Qe7 13. Nf3 Nc6 14. Ne5 Na5 15.
Bg5 h6 16. Bxf6 gxf6 17. Nf3 Qd7 18. Nc3 Bb7 19. e3 h5 20. h4 Bxc3 21. bxc3 Be4
22. Ne1 f5 23. Bxe4 fxe4 24. Ng2 Qd5 25. f3 Nb3 26. Ra2 exf3 27. Rxf3 Nc5 28.
Nf4 Qd7 29. Qc2 Nd3 30. Nxd3 cxd3 31. Qxd3 Qd5 32. Qb5+ Qxb5 33. axb5 Rxc3 34.
Rxa7 O-O 35. Rb7 Rb3 36. Rxb6 Ra8 37. Kg2 Ra2+ 38. Rf2 Ra7 39. Kf3 Ra5 40. Rc2
Raxb5 41. Rxb5 Rxb5 42. Rc5 Rb3 43. Rxh5 Kg7 44. Ra5 Kf6 45. Ra6 Rb5 46. e4 Rb4
47. Ke3 Rc4 48. Ra3 Rb4 49. Rd3 Rb1 50. d5 exd5 51. exd5 Ke7 52. d6+ Kd7 53. Kf4
Rb5 54. g4 Rb4+ 55. Kg5 Rb5+ 56. Kf6 Rb4 57. Rg3 Rf4+ 58. Kg5 Rf2 59. Rd3 f6+
60. Kh5 f5 61. g5 Rf1 62. g6 f4 63. Kh6 f3 64. g7 Ke6 1-0

[Event "ch-Africa 2025"]
[Site "Kerdasa EGY"]
[Date "2025.05.17"]
[Round "6.3"]
[White "Fadi, Marko"]
[Black "Fawzy, Adham"]
[Result "1-0"]
[WhiteTitle "FM"]
[BlackTitle "GM"]
[WhiteElo "2244"]
[BlackElo "2513"]
[WhiteFideId "10605371"]
[BlackFideId "10613129"]
[EventDate "2025.05.13"]

1. c4 Nf6 2. Nf3 g6 3. g3 Bg7 4. Bg2 O-O 5. O-O d6 6. Nc3 e5 7. d3 Nc6 8. h3 h6
9. e4 Nd7 10. Be3 Nd4 11. Ne2 Nxf3+ 12. Bxf3 Nc5 13. Bg2 f5 14. exf5 gxf5 15. d4
Ne6 16. dxe5 dxe5 17. Qxd8 Nxd8 18. Rad1 c6 19. Bc5 Re8 20. Bf3 Be6 21. Bh5 Nf7
22. b3 b6 23. Ba3 a5 24. f4 e4 25. Nd4 c5 26. Nxe6 Rxe6 27. Rd7 Bd4+ 28. Kg2 Rf6
29. Rd1 Re8 30. Kf1 Ree6 31. Ke2 Nd6 32. g4 fxg4 33. hxg4 e3 34. f5 Re4 35. Bb2
Rf4 36. Bc1 Ne4 37. R1xd4 cxd4 38. Rxd4 Ng3+ 39. Kxe3 Rxd4 40. Kxd4 Nxh5 41. Ke5
Rf8 42. gxh5 Re8+ 43. Kf6 Kh7 44. Bf4 a4 45. Bc7 Re2 46. bxa4 Rc2 47. Bxb6 Rxc4
48. a5 Ra4 49. Kf7 Rxa2 50. f6 Ra1 51. Kf8 Ra2 52. f7 Ra1 53. Bd8 Re1 54. a6 Ra1
55. Ke8 Rxa6 56. f8=Q 1-0

[Event "ch-Africa 2025"]
[Site "Kerdasa EGY"]
[Date "2025.05.17"]
[Round "6.4"]
[White "Abdel Moniem, Mohamed"]
[Black "George Samir, David"]
[Result "0-1"]
[BlackTitle "FM"]
[WhiteElo "2144"]
[BlackElo "2346"]
[WhiteFideId "10605924"]
[BlackFideId "10657789"]
[EventDate "2025.05.13"]

1. d4 Nf6 2. Nf3 d5 3. c4 e6 4. Nc3 Bb4 5. Bg5 h6 6. Bxf6 Qxf6 7. e3 c5 8. a3
cxd4 9. exd4 Bxc3+ 10. bxc3 dxc4 11. Bxc4 O-O 12. O-O Nc6 13. Re1 b6 14. Qe2 Bb7
15. Bd3 Ne7 16. Ne5 Rfd8 17. Rac1 Rac8 18. g3 Rc7 19. h4 Rdc8 20. c4 Nf5 21. Qg4
Nd6 22. c5 Qd8 23. Rcd1 Ne8 24. Bc4 Nf6 25. Qh3 Bd5 26. g4 bxc5 27. Ba6 Rb8 28.
g5 hxg5 29. hxg5 Nh7 30. f4 Nxg5 31. fxg5 Qxg5+ 32. Kf2 Qf4+ 33. Nf3 Rb3 34. Bd3
Qxf3+ 35. Qxf3 Bxf3 36. Kxf3 c4 37. Re3 Rxd3 38. Rdxd3 cxd3 39. Rxd3 Rd7 40. Ke4
Rd5 41. a4 f5+ 42. Ke3 e5 43. Rb3 Rxd4 44. a5 Ra4 45. Rb5 Kf7 46. Rxe5 Re4+ 47.
Rxe4 fxe4 48. Kxe4 Ke6 49. a6 Kd6 50. Kf5 Kc6 51. Kg6 Kb6 52. Kxg7 Kxa6 53. Kf6
Kb5 54. Ke5 Kc4 55. Ke4 a5 56. Ke3 Kc3 57. Ke2 a4 58. Ke1 0-1

[Event "ch-Africa 2025"]
[Site "Kerdasa EGY"]
[Date "2025.05.17"]
[Round "6.5"]
[White "Tamer Waguih, Farid"]
[Black "Ezat, Mohamed"]
[Result "1/2-1/2"]
[WhiteTitle "FM"]
[BlackTitle "IM"]
[WhiteElo "2206"]
[BlackElo "2296"]
[WhiteFideId "10685723"]
[BlackFideId "10600906"]
[EventDate "2025.05.13"]

1. d4 Nf6 2. Nf3 c5 3. d5 b5 4. Bg5 g6 5. Bxf6 exf6 6. e4 a6 7. a4 b4 8. Bd3 d6
9. Nbd2 Nd7 10. a5 Ne5 11. Nxe5 fxe5 12. O-O Bg7 13. Nc4 O-O 14. c3 Rb8 15. Nb6
bxc3 16. bxc3 f5 17. Nxc8 Rxc8 18. Qa4 c4 19. Bxc4 fxe4 20. Bxa6 Rxc3 21. Qxe4
Qc7 22. Be2 Qa7 23. a6 Rf4 24. Qb1 Rc7 25. Qb3 e4 26. Qe3 Rxf2 27. Qxa7 Rxf1+
28. Kxf1 Rxa7 29. Ra4 Bc3 30. Rxe4 Rf7+ 31. Bf3 Ba5 32. Rc4 Re7 33. Bg4 Re1+ 34.
Kf2 Ra1 35. Rc6 Bb4 36. Be6+ Kg7 37. Rc7+ Kf6 38. Bc8 h5 39. Rc2 g5 40. h3 Ke5
41. Bb7 Bc5+ 42. Ke2 Kd4 43. Kd2 Bb4+ 44. Ke2 Bc5 1/2-1/2

[Event "ch-Africa 2025"]
[Site "Kerdasa EGY"]
[Date "2025.05.17"]
[Round "6.6"]
[White "Adly, Ahmed"]
[Black "Alhassadi, Yousef A."]
[Result "1-0"]
[WhiteTitle "GM"]
[BlackTitle "FM"]
[WhiteElo "2597"]
[BlackElo "2165"]
[WhiteFideId "10601619"]
[BlackFideId "9204725"]
[EventDate "2025.05.13"]

1. Nf3 Nf6 2. c4 e6 3. b3 d5 4. Bb2 c5 5. e3 Nc6 6. a3 d4 7. exd4 cxd4 8. b4 e5
9. d3 Bd6 10. g3 O-O 11. Bg2 Bf5 12. O-O Qd7 13. Nh4 Bg4 14. Bf3 Bxf3 15. Qxf3
Qg4 16. Nd2 Qxf3 17. Nhxf3 Rfe8 18. Rfe1 Rad8 19. c5 Bc7 20. Nc4 a6 21. Nfd2 Re6
22. f3 g6 23. Rac1 Rd7 24. Kf1 Nd5 25. Nb3 Ree7 26. Rc2 h6 27. Bc1 Kg7 28. Bd2
f5 29. Nba5 Bxa5 30. bxa5 Rc7 31. Rb2 Nf6 32. Nd6 Nd8 33. Rc1 Red7 34. Rb6 Re7
35. c6 bxc6 36. Rxa6 Re6 37. Bb4 Nd5 38. Bc5 Nb7 39. Bb6 Rd7 40. Nc4 Nc3 41. Ra8
c5 42. a6 Nd6 43. a7 Nxc4 44. Rg8+ Kxg8 45. a8=Q+ Kh7 46. Bxc5 Nd2+ 47. Kg2 Nb3
48. Qc8 Nxc5 49. Qxc5 e4 50. fxe4 fxe4 51. dxe4 Rxe4 52. Qc6 Ree7 53. Re1 Rg7
54. Re8 Rge7 55. Qc8 1-0

[Event "ch-Africa 2025"]
[Site "Kerdasa EGY"]
[Date "2025.05.17"]
[Round "6.7"]
[White "Sameh Mohamed, Abdalrahman"]
[Black "Abdelnabbi, Imed"]
[Result "0-1"]
[WhiteTitle "IM"]
[BlackTitle "IM"]
[WhiteElo "2211"]
[BlackElo "2385"]
[WhiteFideId "54262674"]
[BlackFideId "10600035"]
[EventDate "2025.05.13"]

1. e4 c5 2. Nf3 Nc6 3. d4 cxd4 4. Nxd4 Nf6 5. Nc3 d6 6. Bc4 Qb6 7. Nde2 e6 8.
Bb3 a6 9. Be3 Qc7 10. f3 Na5 11. Qd2 b5 12. g4 Bb7 13. O-O-O Nc4 14. Bxc4 Qxc4
15. Kb1 Be7 16. h4 Nd7 17. Bg5 f6 18. b3 Qb4 19. Be3 Ne5 20. Qd4 Qa5 21. Rhf1
Rc8 22. Bd2 Qc7 23. Nf4 Kf7 24. Nd3 Rhd8 25. f4 Nxg4 26. f5 e5 27. Qg1 h5 28.
Rc1 d5 29. Nxd5 Bxd5 30. exd5 Ba3 31. Nb2 Rxd5 32. Be1 e4 33. Qg2 Qe5 34. c3
Rcd8 35. c4 Rd2 36. Rc2 Re2 37. Qf2 Rxf2 38. Re2 0-1

[Event "ch-Africa 2025"]
[Site "Kerdasa EGY"]
[Date "2025.05.17"]
[Round "6.8"]
[White "Wafa, Hamed"]
[Black "Abdallah, Mohamed Khalil"]
[Result "1-0"]
[WhiteTitle "IM"]
[BlackTitle "CM"]
[WhiteElo "2367"]
[BlackElo "2123"]
[WhiteFideId "10628452"]
[BlackFideId "5529506"]
[EventDate "2025.05.13"]

1. e4 c5 2. Nc3 Nc6 3. Nf3 e5 4. Bc4 g6 5. d3 h6 6. Be3 d6 7. Nd5 Bg7 8. c3 Nge7
9. a3 Nxd5 10. Bxd5 Ne7 11. Ba2 O-O 12. O-O b6 13. d4 cxd4 14. cxd4 Bg4 15. dxe5
dxe5 16. h3 Bxf3 17. Qxf3 Nc6 18. Bd5 Rc8 19. Bxc6 Rxc6 20. Rfd1 Qe7 21. Rd5 Rd8
22. Rad1 Rcd6 23. Rxd6 Rxd6 24. Rc1 Qd8 25. Qg4 Rd7 26. b4 h5 27. Qe2 Rc7 28.
Rxc7 Qxc7 29. Qb5 Bf8 30. Qe8 Qe7 31. Qb8 Kh7 32. a4 Kg7 33. b5 f6 34. h4 Kf7
35. g3 Kg7 36. Qa8 Kf7 37. Kh2 Qc7 38. Kg2 Qd7 39. Kh2 Qc7 40. Kg1 Qd7 41. Kg2
Qc7 42. a5 Qd7 43. a6 Qc7 44. Qc6 Bd6 45. Bxb6 1-0

[Event "ch-Africa 2025"]
[Site "Kerdasa EGY"]
[Date "2025.05.17"]
[Round "6.9"]
[White "Khalil, Ahmed Salem"]
[Black "Kandil, Ahmed"]
[Result "1-0"]
[WhiteTitle "CM"]
[BlackTitle "FM"]
[WhiteElo "2102"]
[BlackElo "2289"]
[WhiteFideId "10616624"]
[BlackFideId "10628401"]
[EventDate "2025.05.13"]

1. Nf3 d5 2. c4 e6 3. d4 Nf6 4. g3 Bb4+ 5. Bd2 a5 6. Bg2 O-O 7. O-O dxc4 8. Qc2
b5 9. Nc3 c6 10. a4 Bxc3 11. bxc3 Ra7 12. e4 Nbd7 13. e5 Nd5 14. Ng5 g6 15. axb5
cxb5 16. Bxd5 exd5 17. e6 fxe6 18. Nxe6 Qf6 19. Nxf8 Nxf8 20. f3 Bh3 21. Rf2 Ne6
22. Qb2 b4 23. cxb4 Nxd4 24. Kh1 Rb7 25. Be3 Rxb4 26. Qxd4 Qf5 27. Rd1 Rb3 28.
Bh6 Rb7 29. Re1 Qe6 30. Qa1 Qf7 31. Qxa5 Rb8 32. Qc3 Rd8 33. Qd4 Rd7 34. Kg1 g5
35. Rfe2 Qg6 36. Re8+ 1-0

[Event "ch-Africa 2025"]
[Site "Kerdasa EGY"]
[Date "2025.05.17"]
[Round "6.11"]
[White "Yousry, Salah"]
[Black "Elhusseiny, Eyad"]
[Result "1-0"]
[WhiteTitle "FM"]
[BlackTitle "CM"]
[WhiteElo "2256"]
[BlackElo "2075"]
[WhiteFideId "10601120"]
[BlackFideId "10681523"]
[EventDate "2025.05.13"]

1. e4 c5 2. Nf3 Nc6 3. Bb5 Nf6 4. e5 Nd5 5. Nc3 Nc7 6. Bxc6 dxc6 7. d3 Bg4 8. h3
Bxf3 9. Qxf3 Ne6 10. Be3 g6 11. O-O Bg7 12. Ne4 Qd5 13. Nxc5 Qxf3 14. gxf3 Nxc5
15. Bxc5 Bxe5 16. Rae1 Bf6 17. Re4 Kd7 18. Rfe1 Rhe8 19. d4 b6 20. Ba3 a6 21. c4
Rac8 22. b3 Bg5 23. d5 cxd5 24. Rd1 h6 25. Rxd5+ Kc7 26. Bb2 Rcd8 27. Rxd8 Rxd8
28. h4 f5 29. hxg5 Rd1+ 30. Kh2 hxg5 31. Rxe7+ Kd6 32. Ba3+ Kc6 33. Re6+ Kc7 34.
Rxg6 Rd2 35. Kg2 Rxa2 36. Bd6+ Kd7 37. Be5 Re2 38. Bd4 b5 39. Rxg5 bxc4 40. bxc4
a5 41. Rxf5 a4 42. Ra5 1-0

[Event "ch-Africa 2025"]
[Site "Kerdasa EGY"]
[Date "2025.05.17"]
[Round "6.12"]
[White "Amdouni, Zoubaier"]
[Black "Mena, Martin"]
[Result "1/2-1/2"]
[WhiteTitle "FM"]
[BlackTitle "FM"]
[WhiteElo "2226"]
[BlackElo "2044"]
[WhiteFideId "5500419"]
[BlackFideId "10651225"]
[EventDate "2025.05.13"]

1. e4 e6 2. d4 d5 3. Bd3 dxe4 4. Bxe4 Nf6 5. Bf3 Nbd7 6. Nc3 c6 7. Bf4 Nd5 8.
Bg3 Nxc3 9. bxc3 g6 10. h4 Qa5 11. Ne2 h5 12. O-O Bg7 13. Bd6 Bf8 14. Bg3 Bg7
15. Bd6 Bf8 16. Bg3 Bg7 17. Bd6 1/2-1/2

[Event "ch-Africa 2025"]
[Site "Kerdasa EGY"]
[Date "2025.05.17"]
[Round "6.13"]
[White "Jele, Tapiwa"]
[Black "Kandil, Adham"]
[Result "1-0"]
[BlackTitle "IM"]
[WhiteElo "2105"]
[BlackElo "2265"]
[WhiteFideId "11002344"]
[BlackFideId "10618490"]
[EventDate "2025.05.13"]

1. d4 Nf6 2. Nf3 g6 3. Nbd2 c5 4. dxc5 Qa5 5. a3 Qxc5 6. c4 a5 7. b4 Qc7 8. Bb2
Bg7 9. e3 O-O 10. Be2 Nc6 11. Qb3 d6 12. O-O e5 13. Rfc1 axb4 14. axb4 Rxa1 15.
Rxa1 Be6 16. Qa3 b6 17. Rc1 h6 18. Nb1 Rd8 19. Nc3 Qb7 20. Nd2 Bf8 21. Bf3 d5
22. cxd5 Nxd5 23. Nxd5 Bxd5 24. Bc3 Qe7 25. Bxd5 Rxd5 26. Qb3 Qd8 27. Nf3 b5 28.
h3 Rd3 29. Qb1 Bg7 30. Qa1 Qb8 31. Ne1 Rd7 32. Nf3 Kh7 33. Qb2 Qe8 34. Nd2 f5
35. Nb3 Bf8 36. Nc5 Rd6 37. Qe2 Qb8 38. Qa2 Bg7 39. Qf7 Qa7 40. Qb3 Qe7 41. Ra1
Qe8 42. Kh2 Qf8 43. Ra6 f4 44. Qb1 fxe3 45. fxe3 Nd4 46. Ra7 Nc6 47. Rb7 Nd8 48.
Rxb5 Qf2 49. Ne4 Qxe3 50. Nxd6 Qxc3 51. Ne4 Qe3 52. Rc5 Ne6 53. Rc3 Qe2 54. Rg3
Nd4 55. Nf6+ Kh8 56. Qxg6 1-0

[Event "ch-Africa 2025"]
[Site "Kerdasa EGY"]
[Date "2025.05.17"]
[Round "6.14"]
[White "Sayed Hassan, Mohamed"]
[Black "Ahmed, Moustafa Elsayed"]
[Result "0-1"]
[WhiteElo "2201"]
[BlackElo "2079"]
[WhiteFideId "10603468"]
[BlackFideId "10610804"]
[EventDate "2025.05.13"]

1. d4 Nf6 2. c4 c5 3. d5 b5 4. cxb5 a6 5. bxa6 g6 6. Nc3 Bxa6 7. e4 Bxf1 8. Kxf1
d6 9. g3 Bg7 10. Kg2 O-O 11. Nf3 Qb6 12. Qe2 Qa6 13. Qc2 Nbd7 14. a4 Rfb8 15.
Ra3 Rb4 16. a5 Ng4 17. Bd2 Rab8 18. Rb1 Qc4 19. a6 Nge5 20. a7 Ra8 21. Ne1 Rb7
22. Ra4 Qb3 23. Qxb3 Rxb3 24. f4 Ng4 25. h3 Ngf6 26. Nd3 Ne8 27. Kf1 Rb7 28.
Rba1 Nb6 29. R4a2 Nc8 30. Ke2 Nc7 31. Kf3 f5 32. g4 fxe4+ 33. Kxe4 Nb6 34. f5
Bxc3 35. bxc3 Nbxd5 36. c4 Nf6+ 37. Ke3 Nd7 38. Ke4 Kf7 39. Ra3 Ne8 40. Bc3
Nef6+ 41. Kf4 Nb6 42. Bxf6 Kxf6 43. Ra6 Kf7 44. fxg6+ hxg6 45. Kg5 Nxc4 46. Rf1+
Ke8 47. Kxg6 Raxa7 48. Rxa7 Rxa7 49. Rf4 Ne3 50. g5 Ra3 51. Nxc5 dxc5 52. h4 Nd5
53. Rc4 Rc3 54. Ra4 Rf3 55. Ra5 Nf4+ 56. Kf5 c4 57. Kg4 Rf1 58. h5 Ne6 59. Ra8+
Kf7 60. g6+ Kf6 61. Ra6 Rf4+ 62. Kg3 Rf5 63. Kh4 Re5 64. Rc6 Re4+ 65. Kg3 Kg7
66. Rc8 Nd4 67. Kf2 Nb5 68. Kf3 Nd6 69. Rc7 Kh6 70. Rc6 Re6 71. Rc5 Rf6+ 72. Kg4
Re6 73. Kf3 Re1 74. Kg4 Rg1+ 75. Kf4 Kg7 76. Re5 Kf6 77. Rc5 Rf1+ 78. Kg4 Rf5
79. Rc6 Rg5+ 80. Kh4 Rg1 81. Kh3 Kf5 82. Rc7 Rh1+ 83. Kg2 Rxh5 84. Rxe7 Rg5+ 0-1

[Event "ch-Africa 2025"]
[Site "Kerdasa EGY"]
[Date "2025.05.17"]
[Round "6.15"]
[White "Nsubuga, Haruna"]
[Black "Oluka Robert Mcligeyo"]
[Result "1-0"]
[WhiteTitle "FM"]
[BlackTitle "CM"]
[WhiteElo "2137"]
[BlackElo "2047"]
[WhiteFideId "10000569"]
[BlackFideId "10814647"]
[EventDate "2025.05.13"]

1. e4 e5 2. Nf3 Nf6 3. Nc3 Bb4 4. Bc4 O-O 5. d3 d5 6. exd5 Nxd5 7. Bd2 Bxc3 8.
bxc3 Nc6 9. h3 h6 10. O-O Be6 11. Re1 Qf6 12. Rb1 Rab8 13. Qe2 Nb6 14. Bxe6 Qxe6
15. c4 Rfe8 16. Bc3 e4 17. Qf1 Qg6 18. Nd2 exd3 19. cxd3 Rxe1 20. Rxe1 Rd8 21.
Re3 Nd4 22. Rg3 Qe6 23. Bxd4 Rxd4 24. Qa1 Qf6 25. Ne4 Qd8 26. c5 Nc4 27. Nd6 Qf6
28. Nxc4 b5 29. cxb6 axb6 30. Ne3 c5 31. Nc2 Rd6 32. Qxf6 Rxf6 33. d4 cxd4 34.
Nxd4 Rd6 35. Rxg7+ Kf8 36. Rg4 h5 37. Rf4 Rd5 38. a4 Rc5 39. Ne6+ 1-0